Reforma rozpočtovej politiky Európskej únie ako predpoklad úspešného vývoja európskej integrácie dizertačná práca

Gespeichert in:
Bibliographische Detailangaben
1. Verfasser: Sabo, Štefan
Körperschaft: Národohospodárska fakulta EU. Katedra hospodárskej politiky
Weitere Verfasser: Bracjun, Anatolij
Format: Buch
Sprache:Slowakisch
Veröffentlicht: Bratislava 2012
Schlagworte:
Tags: Tag hinzufügen
Keine Tags, Fügen Sie das erste Tag hinzu!

MARC

LEADER 00000nbm a2200000 4500
001 0160191
005 20230227094346.4
041 0 |a slo 
044 |a SK 
245 1 0 |a Reforma rozpočtovej politiky Európskej únie ako predpoklad úspešného vývoja európskej integrácie  |b dizertačná práca  |c Štefan Sabo ; školiteľ: Anatolij Bracjun 
264 1 |a Bratislava  |c 2012 
300 |a 114 s. 
610 2 0 |a politika rozpočtová 
610 2 0 |a integrácia ekonomická medzinárodná 
610 2 0 |a Európska únia 
610 2 0 |a reformy 
100 1 |a Sabo, Štefan 
700 1 |a Bracjun, Anatolij 
710 2 |a Národohospodárska fakulta EU. Katedra hospodárskej politiky